01729cam a2200349 a 4500001000500000005001700005020002200022020002700044040002800071050002100099082001400120245011500134260003400249300005300283500006500336505000600401520050800407521001800915521001800933650002800951650003400979650003401013650001901047650002501066650002501091650002601116650002201142906004501164942001501209999001501224952014001239173620230925104903.0 a0439691400 (pbk.) a141558205X (BWI bdg .) aBKXcBKXdXY4dOCLdDLC00aPZ7b.W2619 200500a[Fic]22210aWatch your whiskers, Stilton! /c[text by Geronimo Stilton ; illustrations by Larry Keys and Topika Topraska]. aNew York :bScholastic,c2005 a111 pages :bcolor illustrations, maps ;c20 cm. a"English translation... Edizioni Piemme S.p.A."--T.p. verso. aH aEnter the world of Geronimo Stilton, where another laugh is always right around the corner! Each book is a fast-paced adventure with lively art and a unique format kids 7-10 will love.Cheesecake! A mysterious one-eyed rat was trying to steal The Rodent's Gazette from under my snout! I had to stop him -- but how? My business manager, Shif T. Paws, came up with a plan. He arranged for me to appear on a TV quiz show. If I won, the Gazette was safe. But if I lost -- SQUEAK! -- I had to give up my tail!0 a470 bLexile1 aH bRaz-Plus 0aMicevJuvenile fiction. 0aGame showsvJuvenile fiction. 0aNewspapersvJuvenile fiction. 1aMicevFiction. 1aGame showsvFiction. 1aNewspapersvFiction. 1aJournalistsvFiction. 1aHumorous stories. a7bcbcccopycatd2encipf20gy-gencatlg 2ddccBKn0 c1736d1736 00102ddc40708JUVFa001b001cTK Blued2023-09-25l2oSTI Fic PZ7.W2619pFISTK05262r2024-12-18 08:13:16s2024-12-11w2023-09-25yBK